000 00513nam a2200169 i 4500
001 62368
003 ES-MaACL
005 20230906164644.0
007 t|
008 031120s1945 ag af |||| |bspa d
100 1 _aFels, Marthe de.
_9144089
245 1 0 _aClaudio Monet /
_cMarta de Fels ; traducción de Marcelo Menasché.
260 _aBuenos Aires :
_bAnaquel,
_c[1945] (
_fUniverso)
300 _a186 p., 5 lám :
_bretr. aut. ;
_c21 cm.
700 1 _aMenasché, Marcelo.
_980077
852 _aES-MaACL
_jD-5572
999 _c62368
_d62368